[Event "POL-ch U14 Girls"]
[Site "Suwalki"]
[Date "2015.04.12"]
[Round "7"]
[White "Bohdanowicz, Nikola"]
[Black "Michalska, Aleksandra"]
[Result "1-0"]
[WhiteElo "1241"]
[BlackElo "1465"]
[PlyCount "119"]
[EventDate "2015.04.08"]
[EventType "swiss"]
[EventRounds "9"]
[EventCountry "POL"]
[SourceTitle "EXT 2017"]
[Source "ChessBase"]
[SourceDate "2016.10.25"]
[SourceVersion "1"]
[SourceVersionDate "2016.10.25"]
[SourceQuality "1"]

1. d4 d5 2. c4 dxc4 3. e4 c5 4. Nf3 cxd4 5. Qxd4 Qxd4 6. Nxd4 a6 7. Bxc4 e6 8. 0-0 Nf6 9. e5 Nfd7 10. Nf3 Nc6 11. Bf4 Bc5 12. Nc3 0-0 13. Rad1 h6 14. Ne4 Be7 15. h3 Nb6 16. Bb3 Nd5 17. Bxd5 exd5 18. Nc3 Be6 19. Nxd5 Bxd5 20. Rxd5 Rfd8 21. Rfd1 Nb4 22. Rxd8+ Rxd8 23. Rxd8+ Bxd8 24. Bd2 Nd3 25. Bc3 Bb6 26. Nd4 Nxe5 27. Nf5 f6 28. Nd6 Nd3 29. Nxb7 Nxf2 30. Kf1 Ne4 31. Ke2 Kf7 32. Kd3 Nxc3 33. Kxc3 Ke7 34. Kc4 Kd7 35. Nc5+ Bxc5 36. Kxc5 Kc7 37. a4 f5 38. b4 g5 39. Kd5 f4 40. Ke6 Kc6 41. Kf6 Kd5 42. Kg6 Kc4 43. Kxh6 Kxb4 44. Kxg5 Kxa4 45. h4 a5 46. h5 Kb3 47. h6 a4 48. h7 a3 49. h8Q a2 50. Qa1 Kc2 51. Kxf4 Kb3 52. g4 Ka3 53. g5 Kb3 54. g6 Ka3 55. g7 Kb4 56. g8R Ka3 57. Qc3+ Ka4 58. Ra8+ Kb5 59. Rb8+ Ka6 60. Qa3# 1-0

[Event "POL-ch U14 Girls"]
[Site "Suwalki"]
[Date "2015.04.08"]
[Round "1"]
[White "Kulpa, Zuzanna"]
[Black "Bohdanowicz, Nikola"]
[Result "1-0"]
[WhiteElo "1615"]
[BlackElo "1241"]
[PlyCount "95"]
[EventDate "2015.04.08"]
[EventType "swiss"]
[EventRounds "9"]
[EventCountry "POL"]
[SourceTitle "EXT 2017"]
[Source "ChessBase"]
[SourceDate "2016.10.25"]
[SourceVersion "1"]
[SourceVersionDate "2016.10.25"]
[SourceQuality "1"]

1. e4 c5 2. Nf3 Nc6 3. Nc3 Nf6 4. d4 cxd4 5. Nxd4 e5 6. Ndb5 d6 7. Bg5 a6 8. Na3 b5 9. Bxf6 gxf6 10. Nd5 Be6 11. c3 Rc8 12. Nc2 Bh6 13. Qf3 Bxd5 14. exd5 Nb8 15. Bd3 Ke7 16. 0-0 Bg5 17. Ne3 h5 18. Nf5+ Kf8 19. h4 Bh6 20. Qxh5 Bg7 21. Qg4 Rg8 22. Qh3 Rc5 23. Be4 Qd7 24. Qf3 Qd8 25. Qe3 Ke8 26. f4 Bf8 27. Rad1 Nd7 28. fxe5 fxe5 29. Qf3 Qf6 30. Nxd6+ Bxd6 31. Qxf6 Nxf6 32. Rxf6 Be7 33. Rh6 Rc4 34. Re1 Rg4 35. Rh8+ Bf8 36. Bf5 f6 37. Bxg4 Rxg4 38. Rd1 Kf7 39. d6 e4 40. d7 Be7 41. Rh7+ Ke6 42. Rxe7+ Kxe7 43. d8Q+ Kf7 44. Qd7+ Kf8 45. Qxg4 e3 46. Rd7 Ke8 47. Qe6+ Kf8 48. Qf7# 1-0

[Event "Chateauroux op 15th"]
[Site "Chateauroux"]
[Date "2014.10.26"]
[Round "3"]
[White "Budak, Rezan"]
[Black "Bohdanowicz, Nikola"]
[Result "1-0"]
[WhiteElo "1482"]
[BlackElo "1146"]
[PlyCount "99"]
[EventDate "2014.10.25"]
[EventType "swiss"]
[EventRounds "7"]
[EventCountry "FRA"]
[SourceTitle "EXT 2015"]
[Source "ChessBase"]
[SourceDate "2014.11.20"]
[SourceVersion "1"]
[SourceVersionDate "2014.11.20"]
[SourceQuality "1"]

1. e4 c5 2. Bc4 Nc6 3. Nc3 Nf6 4. f4 Nxe4 5. Nxe4 d5 6. Bb5 dxe4 7. Bxc6+ bxc6 8. b3 e6 9. Qe2 f5 10. Bb2 Qh4+ 11. g3 Qh6 12. 0-0-0 Be7 13. d3 exd3 14. Rxd3 0-0 15. Nf3 Ba6 16. c4 Kh8 17. Rd7 Bf6 18. Ba3 Rfd8 19. Rhd1 Qg6 20. Ne5 Qe8 21. Nf7+ Kg8 22. Nxd8 Bxd8 23. Bxc5 Bb6 24. Bxb6 axb6 25. R7d6 Bc8 26. Rd8 Kf7 27. Rxe8 Kxe8 28. Rd6 Bd7 29. Rxc6 Bxc6 30. Qxe6+ Kf8 31. Qxc6 Rxa2 32. Qd6+ Kf7 33. Qd5+ Ke7 34. h3 Rh2 35. Qb7+ Kf6 36. Qxb6+ Kf7 37. c5 Rxh3 38. c6 Rxg3 39. c7 Rc3+ 40. Kb2 Rxc7 41. Qxc7+ Kg6 42. Qe5 h5 43. Kc2 h4 44. Kd2 h3 45. Ke3 h2 46. Qd5 Kh5 47. Qh1 Kh4 48. Qxh2+ Kg4 49. Qg2+ Kh5 50. Qg5# 1-0